The Economic Development of Modern China volume II:socialist modernization (Record no. 617269)

MARC details
000 -LEADER
fixed length control field 00522nam a2200169 a 4500
008 - FIXED-LENGTH DATA ELEMENTS--GENERAL INFORMATION
fixed length control field 260309s2026##################000#0#eng##
020 ## - INTERNATIONAL STANDARD BOOK NUMBER
ISBN 9781840640540
Paper back/Hardbound hbk
082 04 - DEWEY DECIMAL CLASSIFICATION NUMBER
Classification number 338.951 CHA.2
100 ## - MAIN ENTRY--AUTHOR NAME
Personal name Chai,Joseph C.H
245 10 - TITLE STATEMENT
Title The Economic Development of Modern China volume II:socialist modernization
Statement of responsibility, etc /Joseph C.H. Chai
250 ## - EDITION STATEMENT
Edition statement 1st ed.
260 ## - PUBLICATION, DISTRIBUTION, ETC. (IMPRINT)
Place of publication Cheltenham:
Name of publisher Edward Elgar,
Year of publication 2000
300 ## - PHYSICAL DESCRIPTION
Number of Pages x,680p.
Dimensions ;24cm.
650 ## - SUBJECT ADDED ENTRY--TOPICAL TERM
Topical Term Economic development in china
942 ## - ADDED ENTRY ELEMENTS (KOHA)
Koha item type English Books
Holdings
Withdrawn status Lost status Damaged status Not for loan Home library Current library Shelving location Date acquired Full call number Accession Number Price effective from Koha item type
        Anna Centenary Library Anna Centenary Library 4TH FLOOR, A WING 09.03.2026 338.951 CHA.2 359031 09.03.2026 English Books

Find us on the map